[Event "GER-chT U20"]
[Site "Willingen"]
[Date "2021.06.25"]
[Round "3"]
[White "Brockmeyer, Tobias"]
[Black "Glinzner, Alva"]
[Result "0-1"]
[WhiteElo "1890"]
[BlackElo "1855"]
[PlyCount "68"]
[EventDate "2021.06.24"]
[EventType "team-swiss"]
[EventRounds "7"]
[EventCountry "GER"]
[SourceTitle "CBM 203 Extra"]
[Source "ChessBase"]
[SourceDate "2021.09.30"]
[SourceVersion "1"]
[SourceVersionDate "2021.09.30"]
[SourceQuality "1"]
[WhiteTeam "Lehrte"]
[BlackTeam "Luebeck"]
[WhiteTeamCountry "GER"]
[BlackTeamCountry "GER"]

1. d4 d5 2. c4 c6 3. Nc3 Nf6 4. cxd5 cxd5 5. f3 Nc6 6. e4 dxe4 7. d5 Ne5 8. fxe4 e6 9. Nf3 Nxf3+ 10. Qxf3 a6 11. Bc4 Qc7 12. Bb3 Bb4 13. Bg5 Qe5 14. Bxf6 Qxf6 15. Qxf6 gxf6 16. 0-0 Ke7 17. a3 Bd6 18. a4 Bd7 19. a5 Rag8 20. Ba4 Bxa4 21. Nxa4 Rg4 22. Rfe1 Rc8 23. Nc3 h5 24. Ra4 Rc7 25. Kh1 Be5 26. h3 Rg3 27. Ne2 Rb3 28. Raa1 Rxb2 29. Ng1 Rcc2 30. Nf3 Bd6 31. Rab1 Rxg2 32. Re3 Rh2+ 33. Nxh2 Rxb1+ 34. Kg2 Rb2+ 0-1

[Event "JBLN West 1819"]
[Site "Germany"]
[Date "2019.05.19"]
[Round "9.5"]
[White "Brockmeyer, Tobias"]
[Black "Meyling, Lennart"]
[Result "1/2-1/2"]
[WhiteElo "1915"]
[BlackElo "1960"]
[PlyCount "145"]
[EventDate "2018.09.23"]
[EventType "team-tourn"]
[EventRounds "9"]
[EventCountry "GER"]
[SourceTitle "EXT 2020"]
[Source "ChessBase"]
[SourceDate "2019.10.17"]
[SourceVersion "1"]
[SourceVersionDate "2019.10.17"]
[SourceQuality "1"]
[WhiteTeam "Lehrte U20"]
[BlackTeam "Hamburger SK U20"]
[WhiteTeamCountry "GER"]
[BlackTeamCountry "GER"]

1. d4 g6 2. e4 Bg7 3. Nc3 a6 4. Be3 d6 5. Qd2 b5 6. 0-0-0 Bb7 7. f3 Nd7 8. h4 h5 9. Nh3 Rc8 10. Ng5 c5 11. e5 dxe5 12. dxe5 Bxe5 13. Nxf7 Kxf7 14. Qxd7 Qxd7 15. Rxd7 Bc7 16. Bxb5 axb5 17. Nxb5 Bxf3 18. Rf1 Nf6 19. Rxf3 Be5 20. c4 Ke6 21. Ra7 Rhd8 22. Ra6+ Kf7 23. Kc2 Rd7 24. Nc3 Kg7 25. Bg5 Bxc3 26. Kxc3 Ne4+ 27. Kc2 Nxg5 28. hxg5 Rd4 29. Kc3 Rc7 30. a4 Rg4 31. g3 Rxg5 32. a5 e5 33. Rb6 e4 34. Re3 Re5 35. b4 Kh6 36. a6 Kg5 37. Rb7 cxb4+ 38. Kxb4 Rc6 39. a7 Ra6 40. c5 Ra1 41. c6 Rb1+ 42. Kc4 Rc1+ 43. Kd4 Ra5 44. Rb5+ Rxb5 45. a8Q Rb4+ 46. Kd5 Rbc4 47. Qd8+ Kh6 48. Qf8+ Kh7 49. Rxe4 Rxe4 50. Kxe4 Rxc6 51. Qf7+ Kh6 52. Kf4 Ra6 53. Qf8+ Kh7 54. Qe7+ Kh6 55. Ke5 Ra1 56. Qf8+ Kh7 57. Qf4 Ra5+ 58. Ke6 Ra6+ 59. Kf7 Ra7+ 60. Kf6 Ra6+ 61. Kg5 Ra5+ 62. Kh4 g5+ 63. Qxg5 Rxg5 64. Kxg5 h4 65. Kxh4 Kh6 66. Kg4 Kg6 67. Kf4 Kf6 68. g4 Kg6 69. g5 Kg7 70. Kf5 Kf7 71. g6+ Kg7 72. Kg5 Kg8 73. Kh6 1/2-1/2

[Event "Niedersachsen-ch op A"]
[Site "Verden"]
[Date "2019.01.06"]
[Round "7"]
[White "Brockmeyer, Tobias"]
[Black "Kiesel, Harald"]
[Result "1-0"]
[WhiteElo "1819"]
[BlackElo "2016"]
[PlyCount "93"]
[EventDate "2019.01.03"]
[EventType "swiss"]
[EventRounds "7"]
[EventCountry "GER"]
[SourceTitle "EXT 2022"]
[Source "ChessBase"]
[SourceDate "2021.10.06"]
[SourceVersion "1"]
[SourceVersionDate "2021.10.06"]
[SourceQuality "1"]

1. d4 Nf6 2. c4 e6 3. Nc3 Bb4 4. f3 d5 5. a3 Bxc3+ 6. bxc3 c5 7. cxd5 exd5 8. e3 0-0 9. Bd3 Re8 10. Ne2 b6 11. 0-0 Ba6 12. Ng3 Bxd3 13. Qxd3 Nc6 14. Bd2 Rc8 15. Rae1 h5 16. Ne2 Qd7 17. Nf4 g6 18. Re2 Kg7 19. Be1 g5 20. Nh3 Nh7 21. Bf2 Rcd8 22. Kh1 Re7 23. Rd1 c4 24. Qc2 f6 25. Rde1 Nf8 26. e4 Ng6 27. Qd2 dxe4 28. fxe4 Nce5 29. Bg3 Nd3 30. Rf1 h4 31. Be1 g4 32. Nf2 Ndf4 33. Re3 Rde8 34. g3 Nd5 35. Re2 hxg3 36. hxg3 f5 37. Qg5 Rh8+ 38. Kg1 Qc7 39. Nd1 Rh3 40. Rxf5 Rf7 41. exd5 Rxg3+ 42. Bxg3 Qxg3+ 43. Kf1 Qh3+ 44. Ke1 g3 45. Rxf7+ Kxf7 46. Qe3 Qh1+ 47. Kd2 1-0

[Event "Niedersachsen-ch op A"]
[Site "Verden"]
[Date "2019.01.03"]
[Round "2"]
[White "Brockmeyer, Tobias"]
[Black "Bagh, Khaled"]
[Result "1/2-1/2"]
[WhiteElo "1819"]
[BlackElo "1947"]
[PlyCount "53"]
[EventDate "2019.01.03"]
[EventType "swiss"]
[EventRounds "7"]
[EventCountry "GER"]
[SourceTitle "EXT 2022"]
[Source "ChessBase"]
[SourceDate "2021.10.06"]
[SourceVersion "1"]
[SourceVersionDate "2021.10.06"]
[SourceQuality "1"]

1. d4 d5 2. c4 c6 3. Nc3 Nf6 4. e3 e6 5. Qc2 Nbd7 6. Nf3 Bd6 7. g4 Nxg4 8. Rg1 Nh6 9. Rxg7 Nf5 10. Rg2 Qf6 11. Be2 Nf8 12. Bd2 Bd7 13. 0-0-0 Ng6 14. Rdg1 0-0-0 15. cxd5 Nfh4 16. Ne4 Qe7 17. dxc6 Bxc6 18. Nxd6+ Qxd6 19. Nxh4 Nxh4 20. Rg3 Nf5 21. Rh3 Kb8 22. Bd3 Rdg8 23. Re1 Bg2 24. Bxf5 Bxh3 25. Bxh3 Qxh2 26. Bf1 Qxf2 27. Bc3 1/2-1/2

[Event "JBLN West 1819"]
[Site "Germany"]
[Date "2018.12.02"]
[Round "3.5"]
[White "Schmidt, Aliyah Renee"]
[Black "Brockmeyer, Tobias"]
[Result "1/2-1/2"]
[WhiteElo "1548"]
[BlackElo "1915"]
[PlyCount "84"]
[EventDate "2018.09.23"]
[EventType "team-tourn"]
[EventRounds "9"]
[EventCountry "GER"]
[SourceTitle "EXT 2020"]
[Source "ChessBase"]
[SourceDate "2019.10.17"]
[SourceVersion "1"]
[SourceVersionDate "2019.10.17"]
[SourceQuality "1"]
[WhiteTeam "Weisse Dame U20"]
[BlackTeam "Lehrte U20"]
[WhiteTeamCountry "GER"]
[BlackTeamCountry "GER"]

1. e4 c5 2. Nc3 a6 3. g3 b5 4. Bg2 Bb7 5. d3 e6 6. f4 d5 7. exd5 Nf6 8. Nf3 exd5 9. 0-0 Be7 10. Bd2 0-0 11. Qc1 d4 12. Nd1 Re8 13. Nf2 Nc6 14. Re1 Qc7 15. Ne4 Rad8 16. Nxf6+ Bxf6 17. Rxe8+ Rxe8 18. Qf1 Qd7 19. Re1 Rxe1 20. Qxe1 Qe7 21. Qxe7 Nxe7 22. a3 Nf5 23. Ne1 Bxg2 24. Nxg2 h5 25. Kf2 Kf8 26. Kf3 Ke7 27. Ke4 Ke6 28. b3 Nd6+ 29. Kf3 Kf5 30. Bc1 g6 31. Bd2 Be7 32. Bc1 Bf6 33. Bd2 Be7 34. Bc1 c4 35. dxc4 bxc4 36. Ne1 cxb3 37. cxb3 Nb5 38. b4 Nc3 39. Bb2 Bf6 40. Nd3 Na4 41. Bc1 Bg7 42. Nb2 Nxb2 1/2-1/2

[Event "GER-ch U25-B"]
[Site "Willingen"]
[Date "2018.05.23"]
[Round "5"]
[White "Brockmeyer, Tobias"]
[Black "Lehmann, Tim"]
[Result "1/2-1/2"]
[WhiteElo "1746"]
[BlackElo "1668"]
[PlyCount "44"]
[EventDate "2018.05.19"]
[EventType "swiss"]
[EventRounds "9"]
[EventCountry "GER"]
[SourceTitle "CBM 184 Extra"]
[Source "ChessBase"]
[SourceDate "2018.06.28"]
[SourceVersion "1"]
[SourceVersionDate "2018.06.28"]
[SourceQuality "1"]

1. d4 g6 2. c4 Bg7 3. e4 c5 4. d5 d6 5. Nc3 Nf6 6. f3 0-0 7. Nge2 e6 8. Ng3 a6 9. a4 Re8 10. Bd3 exd5 11. cxd5 h5 12. Bg5 Nbd7 13. Nf1 Qb6 14. Qd2 Nh7 15. a5 Qc7 16. Bh6 Bh8 17. Ne3 b5 18. axb6 Nxb6 19. Bc4 Bd4 20. Qe2 g5 21. Nc2 Bxc3+ 22. bxc3 Qe7 1/2-1/2

[Event "Niedersachsen-ch op A"]
[Site "Verden"]
[Date "2018.01.04"]
[Round "1"]
[White "Brockmeyer, Tobias"]
[Black "Traetmar, Mattis"]
[Result "1/2-1/2"]
[WhiteElo "1684"]
[BlackElo "1904"]
[PlyCount "91"]
[EventDate "2018.01.04"]
[EventType "swiss"]
[EventRounds "7"]
[EventCountry "GER"]
[SourceTitle "EXT 2022"]
[Source "ChessBase"]
[SourceDate "2021.10.06"]
[SourceVersion "1"]
[SourceVersionDate "2021.10.06"]
[SourceQuality "1"]

1. d4 Nf6 2. c4 g6 3. Nc3 d5 4. cxd5 Nxd5 5. e4 Nxc3 6. bxc3 Bg7 7. Bc4 c5 8. Ne2 Nc6 9. Be3 0-0 10. 0-0 Bg4 11. f3 Bd7 12. Qd2 Rc8 13. Rfd1 cxd4 14. cxd4 Na5 15. Bd5 Nc4 16. Bxc4 Rxc4 17. Rdc1 b5 18. Rxc4 bxc4 19. Qb4 Qb6 20. a3 Rc8 21. Rc1 Qa6 22. Qxe7 Be8 23. d5 Bf8 24. Qxa7 Qxa7 25. Bxa7 Bxa3 26. Rb1 Kf8 27. Nc3 Ke7 28. Kf2 Kd6 29. Bd4 Ke7 30. Ke3 f6 31. Rb7+ Bd7 32. Bxf6+ Kxf6 33. Rxd7 Bc5+ 34. Kd2 Rb8 35. Rc7 Rb2+ 36. Kd1 Be3 37. Rxc4 Rd2+ 38. Ke1 Rxg2 39. Rc6+ Ke5 40. Re6+ Kd4 41. Nd1 Rg1+ 42. Ke2 Rg2+ 43. Kf1 Rg1+ 44. Ke2 Rg2+ 45. Kf1 Rg1+ 46. Ke2 1/2-1/2